[Event "Let's Play Chess!"]
[Site "http://www.queenalice.com/game.php?id=23208"]
[Date "2005.8.9"]
[Round "-"]
[White "Nemesis"]
[Black "MacDonnell"]
[Result "1-0"]
[WhiteElo "2023"]
[BlackElo "1916"]

1. e4 c5 2. d4 cxd4 3. c3 dxc3 4. Nxc3 Nc6 5. Nf3 e6 6. Bc4 Qc7 7. O-O a6 8. Bg5
Nf6 9. Qd2 b5 10. Bb3 Be7 11. Rfe1 O-O 12. e5 Ne8 13. Bxe7 Nxe7 14. Rac1 Qb6 15.
Ne4 Ng6 16. h4 f6 17. exf6 Nxf6 18. Nxf6+ Rxf6 19. h5 Nf8 20. Ne5 h6 21. Rc3 d5
22. Bc2 Qb8 23. Ng4 Rf4 24. Rg3 Kh8 25. Ne5 Rf6 26. Ree3 Qc7 27. Ng4 Rf4 28. Rc3
Rc4 29. Nxh6 Bb7 30. Qg5 Rxc3 31. bxc3 d4 32. Ng4 d3 33. Bxd3 Nh7 34. Bxh7 Qd8
35. Qe3 Qd1+ 36. Kh2 1-0

[Event "Let's Play Chess!"]
[Site "http://www.queenalice.com/game.php?id=23835"]
[Date "2005.8.12"]
[Round "-"]
[White "Gary"]
[Black "MacDonnell"]
[Result "0-1"]
[WhiteElo "1665"]
[BlackElo "1863"]

1. e4 e5 2. Nf3 Nc6 3. Bb5 a6 4. Ba4 Nf6 5. O-O Nxe4 6. d4 exd4 7. Re1 d5 8. Ng5
Be7 9. Nxe4 dxe4 10. Rxe4 b5 11. Bb3 O-O 0-1

[Event "Let's Play Chess!"]
[Site "http://www.queenalice.com/game.php?id=24088"]
[Date "2005.8.14"]
[Round "-"]
[White "MacDonnell"]
[Black "dnptrs"]
[Result "1-0"]
[WhiteElo "1888"]
[BlackElo "1923"]

1. f4 c5 2. Nf3 Nc6 3. e3 d6 4. Be2 e6 5. O-O Nf6 6. d4 cxd4 7. Nxd4 Be7 8. Bf3
Bd7 9. c4 Nxd4 10. Qxd4 Bc6 11. e4 Qc7 12. Nc3 O-O 13. Be3 Nd7 14. Rfd1 Nc5 15.
Nb5 Bxb5 16. cxb5 Rfc8 17. Rac1 Qd8 18. f5 a5 19. bxa6 Rxa6 20. e5 d5 21. b4 Nd7
22. fxe6 fxe6 23. Bxd5 Nxe5 24. Qxe5 exd5 25. Qxd5+ 1-0

[Event "Let's Play Chess!"]
[Site "http://www.queenalice.com/game.php?id=26974"]
[Date "2005.9.2"]
[Round "-"]
[White "MacDonnell"]
[Black "Pato"]
[Result "1-0"]
[WhiteElo "1871"]
[BlackElo "1886"]

1. e4 Nc6 2. Nf3 d5 3. exd5 Qxd5 4. Nc3 Qa5 5. Bb5 Bd7 6. O-O a6 7. Bxc6 Bxc6 8.
d4 Nf6 9. Ne5 e6 10. Nxc6 bxc6 11. Qf3 Nd5 12. Ne4 Be7 13. Qg3 g6 14. Qe5 Kd7
15. Bg5 Qb4 16. Bxe7 Kxe7 17. Rfe1 Rae8 18. Nc5 Kd8 19. Rac1 Nb6 20. c3 Qc4 21.
Qf6+ Kc8 22. Qxf7 Rhf8 23. Qxh7 Qxa2 24. Re2 a5 25. Rce1 Qd5 26. Nxe6 Rxe6 27.
Rxe6 Kb7 28. Qxg6 Nc4 29. R1e2 Nd6 30. h4 Rf5 31. Rxd6 cxd6 32. Re7+ Kb6 33. Qe8
Kb5 34. Rb7+ Ka4 35. Qe1 1-0

[Event "Let's Play Chess!"]
[Site "http://www.queenalice.com/game.php?id=29721"]
[Date "2005.9.21"]
[Round "-"]
[White "MacDonnell"]
[Black "dnptrs"]
[Result "1-0"]
[WhiteElo "1974"]
[BlackElo "1950"]

1. e4 c5 2. Nf3 e6 3. d4 cxd4 4. Nxd4 d6 5. Bb5+ Bd7 6. O-O Bxb5 7. Nxb5 a6 8.
Nd4 Nc6 9. Be3 Nf6 10. Nxc6 bxc6 11. Qf3 Be7 12. e5 Nd5 13. c4 Nxe3 14. Qxc6+
Kf8 15. fxe3 dxe5 16. Qxe6 Bf6 17. Qc6 Ke7 18. Nc3 1-0

[Event "Let's Play Chess!"]
[Site "http://www.queenalice.com/game.php?id=29722"]
[Date "2005.9.21"]
[Round "-"]
[White "Pato"]
[Black "MacDonnell"]
[Result "0-1"]
[WhiteElo "1848"]
[BlackElo "1930"]

1. f4 d5 2. Nf3 g6 3. e3 Bg7 4. Be2 Nf6 5. O-O O-O 6. d3 Nc6 7. c3 Qd6 8. d4 Bf5
9. Ne5 Ne4 10. Bd3 f6 11. Nxc6 Qxc6 12. Bxe4 Bxe4 13. Nd2 Bf5 14. g4 Bd3 15. Rf3
e5 16. f5 gxf5 17. gxf5 Qd7 18. c4 dxc4 19. dxe5 fxe5 20. Nxc4 Rxf5 21. Qb3 Kh8
22. Rxf5 Qxf5 23. Bd2 Qg4+ 0-1

[Event "Let's Play Chess!"]
[Site "http://www.queenalice.com/game.php?id=29830"]
[Date "2005.9.21"]
[Round "-"]
[White "MacDonnell"]
[Black "tbotoi"]
[Result "1-0"]
[WhiteElo "1959"]
[BlackElo "1930"]

1. e4 e5 2. Nf3 Nc6 3. Bb5 a6 4. Ba4 b5 5. Bb3 Nf6 6. O-O Be7 7. d4 exd4 8. e5
Ng4 9. Re1 d5 10. h3 Nh6 11. Bxh6 gxh6 12. Nxd4 Nxd4 13. Qxd4 Be6 14. Qe3 Bf8
15. a4 Rg8 16. axb5 axb5 17. Nc3 Rxa1 18. Rxa1 d4 19. Qf3 dxc3 20. bxc3 Bxb3 21.
cxb3 Rg6 22. Ra8 Be7 23. Rxd8+ Bxd8 24. Qe4 c6 25. f4 c5 26. f5 Ra6 27. f6 1-0

[Event "Let's Play Chess!"]
[Site "http://www.queenalice.com/game.php?id=29831"]
[Date "2005.9.21"]
[Round "-"]
[White "Pato"]
[Black "MacDonnell"]
[Result "0-1"]
[WhiteElo "1857"]
[BlackElo "1916"]

1. f4 e5 2. fxe5 d6 3. exd6 Bxd6 4. Nf3 Nf6 5. d4 Ng4 6. Bg5 f6 7. Bh4 Qe7 8.
Nc3 Ne3 9. Qd3 Bf5 10. Nd5 Bxd3 11. Nxe7 Nxc2+ 12. Kd2 Be4 13. Nd5 Nxa1 14. Nc3
Bb4 15. e3 Nc2 16. Bd3 Bxc3+ 0-1

[Event "Challenge"]
[Site "http://www.queenalice.com/game.php?id=30393"]
[Date "2005.9.25"]
[Round "-"]
[White "dmdagnone"]
[Black "MacDonnell"]
[Result "0-1"]
[WhiteElo "1640"]
[BlackElo "2004"]

1. e4 c5 2. c4 Nc6 3. Nf3 Nf6 4. e5 Ng4 5. Be2 Ngxe5 6. d3 Nxf3+ 7. Bxf3 e6 8.
O-O Bd6 9. Nc3 O-O 10. Ne4 Be7 11. Be3 d5 12. cxd5 exd5 13. Nxc5 d4 14. Bf4 Bxc5
15. Re1 Qf6 16. Qd2 Bb4 17. Bg5 Bxd2 18. Bxf6 Bxe1 19. Bxg7 Bxf2+ 20. Kxf2 Kxg7
21. g4 Ne5 22. Ke2 Re8 23. Rg1 Be6 24. a4 Rac8 25. Bxb7 Rc2+ 26. Kd1 Bb3 0-1

[Event "game19"]
[Site "http://www.queenalice.com/game.php?id=30522"]
[Date "2005.9.27"]
[Round "-"]
[White "BogusBogart"]
[Black "MacDonnell"]
[Result "0-1"]
[WhiteElo "1975"]
[BlackElo "2009"]

1. e4 c5 2. Nf3 d6 3. c3 Nf6 4. Bd3 Nc6 5. Bc2 Bg4 6. d3 e6 7. Nbd2 Be7 8. h3
Bh5 9. O-O O-O 10. Qe1 d5 11. e5 Nd7 12. d4 cxd4 13. cxd4 Rc8 14. Ba4 Nb4 15.
Qe3 a6 16. a3 Nc2 17. Bxc2 Rxc2 18. Nb1 Rc6 19. Nc3 f6 20. Re1 Bxf3 21. exf6
Rxf6 22. gxf3 Nf8 23. Bd2 Ng6 24. Rac1 Nh4 25. f4 Rg6+ 26. Kf1 Ng2 27. Qe2 Nxe1
28. Rxe1 Rf6 29. Qg4 Qb6 30. Qh5 Qxd4 31. Qe8+ Bf8 32. Be3 Qd3+ 33. Kg2 d4 34.
Rd1 Qg6+ 0-1

[Event "game20"]
[Site "http://www.queenalice.com/game.php?id=30528"]
[Date "2005.9.27"]
[Round "-"]
[White "MacDonnell"]
[Black "BogusBogart"]
[Result "1-0"]
[WhiteElo "1943"]
[BlackElo "1935"]

1. e4 e5 2. Nf3 Nc6 3. Bc4 Bc5 4. b4 Bxb4 5. c3 Ba5 6. d4 exd4 7. Nxd4 Qf6 8.
O-O Bxc3 9. Nxc3 Qxd4 10. Nb5 Qxa1 11. Nxc7+ Kf8 12. Ba3+ 1-0

[Event "Let's Play Chess!"]
[Site "http://www.queenalice.com/game.php?id=31127"]
[Date "2005.10.1"]
[Round "-"]
[White "MacDonnell"]
[Black "Alsina"]
[Result "1-0"]
[WhiteElo "1989"]
[BlackElo "2095"]

1. e4 c6 2. d4 d5 3. e5 Bf5 4. Nc3 e6 5. g4 Bg6 6. Nge2 Ne7 7. Nf4 c5 8. dxc5
Nec6 9. h4 Qc7 10. Bg2 Qxe5+ 11. Nce2 h5 12. Nxg6 fxg6 13. Qd3 Bxc5 14. Qxg6+
Kf8 15. f4 Ne7 16. Qd3 Qd6 17. gxh5 Rxh5 18. Bd2 Nd7 19. O-O-O Rc8 20. Ng3 Rh6
21. f5 Rf6 22. fxe6 Qxe6 23. Bg5 Ne5 24. Qb3 Ng4 25. Rhe1 Qa6 26. Bh3 Rb6 27.
Qd3 Rc7 28. Qxa6 Rxa6 29. Bxg4 1-0

[Event "Let's Play Chess!"]
[Site "http://www.queenalice.com/game.php?id=31128"]
[Date "2005.10.1"]
[Round "-"]
[White "MikeDoherty"]
[Black "MacDonnell"]
[Result "0-1"]
[WhiteElo "1965"]
[BlackElo "2006"]

1. e4 c5 2. Nf3 d6 3. Bb5+ Bd7 4. Qe2 Bxb5 5. Qxb5+ Qd7 6. Nc3 Nc6 7. O-O e5 8.
d3 Be7 9. Be3 Nf6 10. Rfd1 a6 11. Qb3 O-O 12. Bg5 Nd4 13. Nxd4 cxd4 14. Bxf6
dxc3 15. Bxe7 cxb2 16. Bxf8 bxa1=Q 17. Rxa1 Kxf8 18. c4 b5 19. a4 bxa4 20. Rxa4
Qc7 21. Rb4 a5 22. Rb7 a4 23. Qb5 Qa5 24. Qxa5 Rxa5 25. Kf1 a3 26. Rb1 Ke7 27.
Ke2 Kd7 28. Kd2 a2 29. Ra1 Kc6 30. Kc3 Kc5 0-1

[Event "Let's Play Chess!"]
[Site "http://www.queenalice.com/game.php?id=31499"]
[Date "2005.10.4"]
[Round "-"]
[White "Pato"]
[Black "MacDonnell"]
[Result "1-0"]
[WhiteElo "1933"]
[BlackElo "2024"]

1. e4 c5 2. d4 cxd4 3. c3 dxc3 4. Nxc3 Nc6 5. Bc4 e6 6. Nf3 a6 7. O-O Bb4 8. Qe2
b5 9. Bb3 Nge7 10. Rd1 O-O 11. Bg5 Na5 12. Bc2 Nc4 13. e5 Bb7 14. Ne4 Qc7 15. a3
d5 16. Nf6+ gxf6 17. Bxf6 Ng6 18. axb4 h6 19. b3 Nf4 20. Qe1 Nxe5 21. Bxe5 Nh3+
22. gxh3 Qxc2 23. Nd4 Qg6+ 24. Kh1 Kh7 25. Qe3 f6 26. Rg1 Qe4+ 27. Qxe4+ dxe4
28. Bg3 e3+ 29. f3 e5 30. Rgc1 exd4 31. Rc7+ Kg6 32. Rxb7 d3 33. Kg2 Rfd8 34.
Kf1 Rac8 35. Rc7 Rxc7 36. Bxc7 Rd4 37. Bb6 e2+ 38. Ke1 Rxb4 39. Rb1 Rf4 40. Kf2
Rf5 41. Ba5 Rd5 42. Bd2 Kh5 43. b4 Rd6 44. Rb3 f5 45. Ke3 Re6+ 46. Kf2 Rd6 47.
Rc3 Kg6 48. Rc1 f4 49. Rc5 Kf6 50. Ke1 Kg6 51. Bxf4 Rf6 52. Bg3 Rxf3 53. Kd2 Rf1
54. Be1 Rf3 55. h4 Rf1 56. Rd5 Rf3 57. Rxd3 Rxd3+ 58. Kxd3 Kf5 59. Kxe2 h5 60.
Kd3 Ke5 61. Bg3+ Kd5 62. Bb8 Kc6 63. Kd4 Kb6 64. Kd5 a5 65. bxa5+ Kxa5 66. Ke6
b4 67. Kf5 b3 68. Be5 b2 69. Bxb2 Kb6 70. Kg6 Kc6 71. Kxh5 Kd7 72. Kg6 Ke8 73.
Kg7 Ke7 74. h5 Ke6 75. h6 Kf5 76. h7 1-0

[Event "Challenge"]
[Site "http://www.queenalice.com/game.php?id=32827"]
[Date "2005.10.12"]
[Round "-"]
[White "pedrinhoIII"]
[Black "MacDonnell"]
[Result "0-1"]
[WhiteElo "1564"]
[BlackElo "2020"]

1. e4 c5 2. Bc4 Nc6 3. Qh5 e6 4. c3 Nf6 5. Qg5 d5 6. exd5 exd5 7. Bb3 c4 8. Ba4
Bc5 9. Qxg7 Rg8 10. Bxc6+ bxc6 11. Qh6 Qe7+ 12. Ne2 Rxg2 13. d4 cxd3 14. Be3
Bxe3 15. Qxe3 Qxe3 16. fxe3 Rxe2+ 17. Kd1 Ne4 18. Rf1 Bg4 19. Nd2 Rxd2+ 20. Kc1
Rc2+ 21. Kb1 Nd2# 0-1

[Event "Veritas Vos Liberabit !"]
[Site "http://www.queenalice.com/game.php?id=36150"]
[Date "2005.11.4"]
[Round "-"]
[White "divukman"]
[Black "MacDonnell"]
[Result "0-1"]
[WhiteElo "1975"]
[BlackElo "2069"]

1. d4 Nf6 2. c4 e6 3. Nf3 d5 4. Bg5 Be7 5. e3 O-O 6. Nc3 Nbd7 7. Bd3 c6 8. O-O
dxc4 9. Bxc4 Nd5 10. Bxe7 Qxe7 11. Ne4 N5f6 12. Bd3 Nxe4 13. Bxe4 e5 14. Qc2 h6
15. Rfe1 exd4 16. exd4 Qd6 17. Bf5 Nf6 18. Re5 Bxf5 19. Qxf5 Nd7 20. Re3 Rfe8
21. Rae1 Rxe3 22. Rxe3 Nf6 23. h4 Qd5 24. Qxd5 Nxd5 25. Re2 Rd8 26. g4 Kf8 27.
a4 Nf4 28. Re4 Ne6 29. Kg2 g6 30. Kg3 Rd5 31. b3 Ke7 32. g5 hxg5 33. hxg5 Kd6
34. Kh4 Rf5 35. Re3 Kd5 36. a5 Rf4+ 37. Kg3 Re4 38. Kg2 Nxd4 39. Nxd4 Kxd4 40.
Rf3 Re7 41. b4 Kc4 42. Rf4+ Kb5 43. Kf3 c5 44. bxc5 Kxa5 45. Rc4 Kb5 46. Rc1 Rc7
0-1

[Event "Let's Play Chess!"]
[Site "http://www.queenalice.com/game.php?id=36990"]
[Date "2005.11.9"]
[Round "-"]
[White "MacDonnell"]
[Black "popcorn"]
[Result "1-0"]
[WhiteElo "2035"]
[BlackElo "2052"]

1. e4 c5 2. Nf3 Nc6 3. d4 cxd4 4. Nxd4 g6 5. Nc3 Bg7 6. Be3 Nf6 7. Bc4 Qa5 8.
O-O O-O 9. Bb3 d6 10. h3 Bd7 11. f4 Rac8 12. Qf3 Qh5 13. Nxc6 Bxc6 14. Bxa7 Qxf3
15. gxf3 Nh5 16. Be3 Bxc3 17. bxc3 Bb5 18. Rfb1 Rxc3 19. Kf2 Ba6 20. Rb2 Rfc8
21. a4 b5 22. Bd2 R3c5 23. a5 Ng7 24. f5 e6 25. fxe6 Nxe6 26. Bb4 R5c6 27. Rd1
Nc5 28. Rd2 Kf8 29. Rb1 f6 30. Rbd1 Ke7 31. Bxc5 dxc5 32. Rd7+ Ke8 33. Rxh7 c4
34. Ba2 g5 35. Rdd7 Re6 36. Ra7 1-0

[Event "Let's Play Chess!"]
[Site "http://www.queenalice.com/game.php?id=39588"]
[Date "2005.11.25"]
[Round "-"]
[White "MacDonnell"]
[Black "Pato"]
[Result "1-0"]
[WhiteElo "2022"]
[BlackElo "1950"]

1. e4 Nc6 2. Nf3 d6 3. d4 Bg4 4. Bb5 a6 5. Bxc6+ bxc6 6. O-O Nf6 7. Nc3 e6 8. h3
Bh5 9. Bg5 Be7 10. Re1 O-O 11. e5 Nd5 12. Nxd5 cxd5 13. Bxe7 Qxe7 14. c3 dxe5
15. Rxe5 Bg6 16. Nd2 c5 17. Nb3 c4 18. Nc5 Rfc8 19. b3 Rxc5 20. dxc5 Qxc5 21. b4
Qc6 22. Re1 Rd8 23. a4 f6 24. b5 axb5 25. axb5 Qxb5 26. Rxe6 d4 27. Qf3 d3 28.
Ra8 Qd7 29. Qc6 Kf7 30. Rxd8 Qxd8 31. Rd6 Qe8 32. Qd5+ 1-0

[Event "Partida Abierta 34"]
[Site "http://www.queenalice.com/game.php?id=45353"]
[Date "2005.12.27"]
[Round "-"]
[White "MacDonnell"]
[Black "sergiogvh"]
[Result "1-0"]
[WhiteElo "2093"]
[BlackElo "2231"]

1. e4 e6 2. d4 d5 3. e5 c5 4. c3 Nc6 5. Nf3 cxd4 6. cxd4 Bb4+ 7. Nc3 f6 8. Bb5
Bd7 9. O-O Bxc3 10. bxc3 Qa5 11. Rb1 Qxa2 12. Bd2 Qa3 13. Re1 Qe7 14. c4 dxc4
15. Bxc4 Rc8 16. Rxb7 Nd8 17. Bxe6 Nxb7 18. exf6 Qxf6 19. Bxd7+ Kxd7 20. Qa4+
Kc7 21. Bg5 Qb6 22. Bf4+ Nd6 23. Ne5 Kb7 24. Nf7 Nb5 25. Nxh8 Ka8 26. Nf7 Nf6
27. Be3 Nc3 28. Qc2 g6 29. Ne5 Nfd5 30. h3 Rc7 31. Nd3 Ne4 32. Qe2 Rf7 33. Bf4
Nef6 34. Qf3 Qb3 35. Re6 Qb7 36. Nc5 Qb1+ 37. Kh2 Qf5 38. g3 Rc7 39. Rd6 h5 40.
Qb3 Qc8 41. Rxf6 Nxf6 42. Bxc7 1-0

[Event "Let's Play Chess!"]
[Site "http://www.queenalice.com/game.php?id=51437"]
[Date "2006.2.6"]
[Round "-"]
[White "MacDonnell"]
[Black "popcorn"]
[Result "1/2-1/2"]
[WhiteElo "2081"]
[BlackElo "2006"]

1. d4 Nf6 2. c4 g6 3. Nf3 Bg7 4. g3 O-O 5. Bg2 d6 6. O-O Nbd7 7. Nc3 e5 8. e4 c6
9. h3 Re8 10. Re1 a5 11. Be3 a4 12. d5 Bf8 13. b4 axb3 14. axb3 Rxa1 15. Qxa1 c5
16. Qa7 Nh5 17. Bd2 f5 18. exf5 gxf5 19. Ng5 Ndf6 20. Ne6 Bxe6 21. dxe6 Ng7 22.
Qxb7 Nxe6 23. Ra1 Re7 24. Qf3 Nd4 25. Qa8 Qxa8 26. Rxa8 Kg7 27. Nd5 Re8 28. Ra7+
Kg6 29. h4 h6 30. Nxf6 Kxf6 31. b4 cxb4 32. Bxb4 Rc8 33. Bd5 Ne6 34. Rd7 Nc5 35.
Bxc5 dxc5 36. Rf7+ 1/2-1/2

[Event "Samba"]
[Site "http://www.queenalice.com/game.php?id=67978"]
[Date "2006.5.9"]
[Round "-"]
[White "Spike"]
[Black "MacDonnell"]
[Result "0-1"]
[WhiteElo "2046"]
[BlackElo "2078"]

1. e4 c5 2. Nf3 d6 3. d4 cxd4 4. Nxd4 Nf6 5. Nc3 g6 6. Be3 Bg7 7. f3 O-O 8. Qd2
Nc6 9. O-O-O d5 10. exd5 Nxd5 11. Nxc6 bxc6 12. Bd4 e5 13. Bc5 Be6 14. Ne4 Re8
15. h4 h6 16. h5 g5 17. c4 Nf6 18. Qe1 Qc7 19. Bd6 Qb6 20. Bxe5 Nxe4 21. Bxg7
Bg4 22. Bxh6 Rab8 23. b3 Qc5 24. Rd3 Qa3+ 25. Kb1 Nc5 26. Qc1 Re1 27. Qxe1 Nxb3
28. Rxb3 Rxb3+ 29. axb3 Bf5+ 30. Qe4 Bxe4+ 31. fxe4 Qxb3+ 32. Kc1 Qe3+ 33. Kd1
Qxe4 34. Bxg5 Qg4+ 35. Be2 Qxg5 36. g4 Qe3 37. Rf1 a5 38. Rf3 Qg1+ 39. Rf1 Qd4+
40. Kc2 a4 0-1

[Event "MATCH LASK-CAPA board 5"]
[Site "http://www.queenalice.com/game.php?id=114611"]
[Date "2006.10.8"]
[Round "-"]
[White "Miguelname"]
[Black "MacDonnell"]
[Result "0-1"]
[WhiteElo "1936"]
[BlackElo "2111"]

1. d4 Nf6 2. Nf3 e6 3. Bg5 d5 4. Nbd2 Be7 5. Bxf6 Bxf6 6. e4 O-O 7. c3 c5 8. e5
Be7 9. Bd3 Nc6 10. O-O cxd4 0-1

[Event "Match Lasker x Fischer - Board 8"]
[Site "http://www.queenalice.com/game.php?id=115463"]
[Date "2006.10.10"]
[Round "-"]
[White "MacDonnell"]
[Black "cesarcavalli"]
[Result "1-0"]
[WhiteElo "2118"]
[BlackElo "2094"]

1. d4 Nf6 2. c4 e6 3. Nc3 Bb4 4. Qc2 O-O 5. Nf3 c5 6. a3 Bxc3+ 7. Qxc3 cxd4 8.
Qxd4 Nc6 9. Qh4 d5 10. e3 Na5 11. Bd2 Nb3 12. Rd1 Nxd2 13. Rxd2 Qc7 14. Bd3 dxc4
15. Qxc4 Qa5 16. O-O Bd7 17. b4 Qh5 18. Be2 Rac8 19. Qd4 Bb5 20. Qxa7 Ne4 21.
Nd4 Bxe2 22. Rxe2 Qd5 23. Nf3 Rc4 24. Ree1 Rd8 25. Rb1 Rcc8 26. Qa5 b5 27. h3
Nc3 28. Rb2 Qb7 29. Rc2 Rd3 30. Nd4 Ra8 31. Rxc3 1-0